|
|
|
|
| LEADER |
00988nam a2200277Ia 4500 |
| 001 |
9780203024171 |
| 003 |
FlBoTFG |
| 005 |
20080205110705.0 |
| 006 |
a|||||s||||||||||| |
| 007 |
cr|||| |
| 008 |
080205s1999 enka b 001 0 eng d |
| 020 |
|
|
|a 9780203024171 (e-book : PDF)
|
| 040 |
|
|
|a FlBoTFG
|c FlBoTFG
|d GrThAP
|
| 090 |
|
|
|a CC76
|b .D74 1999
|
| 100 |
1 |
|
|a Drewett, Peter.
|
| 245 |
1 |
0 |
|a Field archaeology :
|b an introduction /
|c Peter L. Drewett.
|
| 260 |
|
|
|a London :
|b UCL Press,
|c 1999.
|
| 300 |
|
|
|a xv, 196 p. :
|b ill. ;
|c 25 cm.
|
| 504 |
|
|
|a Includes bibliographical references and index.
|
| 530 |
|
|
|a Also available in print edition.
|
| 533 |
|
|
|a Electronic reproduction.
|b [London, Eng. :
|b Taylor and Francis,
|d 2010].
|n PDF file created from digital scan of print book.
|
| 650 |
|
0 |
|a Archaeology
|x Fieldwork.
|
| 655 |
|
7 |
|a Electronic books.
|2 lcsh
|
| 776 |
1 |
|
|z 1857287371
|
| 776 |
1 |
|
|z 185728738X
|
| 856 |
4 |
0 |
|u http://www.tandfebooks.com/isbn/9780203024171
|z Full Text via HEAL-Link
|